Sága od Bodamského jezera. Dcery naděje /
Úvodní díl rodinné ságy odehrávající se na počátku 20. století. Válka svírá zemi už tři roky, ale Helena se nevzdává svého snu vybudovat z jejich rodinného sídla luxusní hotel.
Uloženo v:
| Série: | Sága od Bodamského jezera,
část 1 |
|---|---|
| Hlavní autor: | |
| Další autoři: | |
| Médium: | E-kniha |
| Jazyk: | Czech |
| Vydáno: |
Praha :
Ikar,
2023
|
| Vydání: | Vydání první |
| Témata: | |
| Příbuzné jednotky: | Přeloženo z:
Bodensee-Saga Z cyklu:: Sága od Bodamského jezera |
| Tagy: |
Žádné tagy |
| LEADER | 02601nam a2200481 i 4500 | ||
|---|---|---|---|
| 001 | 311837 | ||
| 003 | CZ PrSKC | ||
| 005 | 20260601215712.0 | ||
| 007 | ta | ||
| 008 | 221003s2023 xr g 000 f cze | ||
| 015 | |a cnb003458585 | ||
| 020 | |a 9788024949642 |q (vázáno) | ||
| 035 | |a (OCoLC)1375348929 | ||
| 040 | |a OLA001 |b cze |e rda | ||
| 041 | 1 | |a cze |h ger | |
| 072 | 7 | |a 821.112.2-3 |x Německá próza, německy psaná |2 Konspekt | |
| 080 | |a 821.112.2-31 |2 MRF | ||
| 080 | |a (0:82-31)-055.2 |2 MRF | ||
| 100 | 1 | |a Nikolai, Maria |7 xx0260282 |4 aut | |
| 240 | 1 | 0 | |a Töchter der Hoffnung. |l Česky |
| 245 | 1 | 0 | |a Sága od Bodamského jezera. |p Dcery naděje / |c Maria Nikolai ; z německého originálu Die Töchter der Hoffnung ... přeložila Libuše Staňková |
| 246 | 3 | 0 | |a Dcery naděje |
| 250 | |a Vydání první | ||
| 264 | 1 | |a Praha : |b Ikar, |c 2023 | |
| 300 | |a 333 stran ; |c 24 cm | ||
| 336 | |a text |b txt |2 rdacontent | ||
| 337 | |a bez média |b n |2 rdamedia | ||
| 338 | |a svazek |b nc |2 rdacarrier | ||
| 500 | |a Terminologický slovník | ||
| 520 | 2 | |a Úvodní díl rodinné ságy odehrávající se na počátku 20. století. Válka svírá zemi už tři roky, ale Helena se nevzdává svého snu vybudovat z jejich rodinného sídla luxusní hotel. |b Meersburg, 1917. Romantické staré sídlo na břehu Bodamského jezera je pro Helenu a její sestry místem plným idylických vzpomínek na dětství. Tři roky války si však vybraly svou daň. Navzdory těžkým časům se Helena nevzdává svého snu probudit Lindenhof k novému životu a vybudovat z něj grandhotel. Když se zde nečekaně ubytuje mladý charismatický šlechtic, vyjdou záhy najevo skutečnosti, jež vedou hluboko do Heleniny minulosti, o níž dosud neměla ani tušení... Nakladatelská anotace. | |
| 655 | 7 | |a německé romány |7 fd132945 |2 czenas | |
| 655 | 7 | |a romány pro ženy |7 fd187897 |2 czenas | |
| 655 | 9 | |a German fiction |2 eczenas | |
| 655 | 9 | |a women's novels |2 eczenas | |
| 700 | 1 | |a Staňková, Libuše, |d 1952- |7 jk01120881 |4 trl | |
| 765 | 0 | |t Bodensee-Saga | |
| 787 | 0 | 8 | |i Z cyklu: |t Sága od Bodamského jezera |g 1 |
| 900 | |a ABA001 |b 21 | ||
| 928 | 9 | |a Euromedia Group - Ikar | |
| 044 | |a xr | ||
| 910 | |a RBIT002 | ||
| 998 | |d 367797 |a https://core.palmknihy.cz/api/books/367797/cover?rppiz0 |b https://core.palmknihy.cz/api/books/367797/cover/400?rppiz0 |c https://core.palmknihy.cz/api/books/367797/cover/50?rppiz0 |e 2026-11-11 |g 336 |i 9788024949642 |j https://core.palmknihy.cz/api/books/367797/preview.epub |l |q 49 |r 1 |s https://www.palmknihy.cz/kniha/367797 |t ebook |y 2023 |z 0 |v Dcery naděje |w 1 | ||
| 999 | |d 311835 | ||